000 00609cam a2200229ua 4500
020 _a0-02-949230-0
041 _aeng
_h
082 _a028.72 574
_bSHA/HA
100 _aSharp, William R.
245 0 0 _aHandbook of plant cell culture, Vol.2: Crop species /
_cWilliam R Sharp.
_hTextual Documents
250 _a1 /
_b.
260 _aNew York :
_bMcMillan Publishing Co ,
_c1983.
300 _a644 ; .
504 _a
650 _aCrop Species
650 _aHandbook
700 1 _aAmmirato, Philip V.
700 1 _aEvans, David A.
700 1 _aYamada, Yasuyuki.
942 _cBK
999 _c159
_d159